| 000 | 00419nam a2200169Ia 4500 | ||
|---|---|---|---|
| 008 | 221030s9999 xx 000 0 und d | ||
| 020 | _a8131506899 | ||
| 041 | _aEnglish | ||
| 082 | _a105.23 | ||
| 100 | _aA. Basta | ||
| 245 | 0 | _aComputer Security - Concepts, Issues, & Implementation | |
| 260 |
_bCengage Learning _aNew Delhi _c2009 |
||
| 300 | _a309 | ||
| 650 | _aBE Computer | ||
| 700 | _aW. Halton | ||
| 942 | _cBK | ||
| 999 |
_c6413 _d6413 |
||